| 000 | 01173cam a22002533a 4500 | ||
|---|---|---|---|
| 001 | 30657 | ||
| 003 | PGUSA | ||
| 005 | 20140828083649.0 | ||
| 008 | 091212s2009||||xxu|||||s|||||000 | eng d | ||
| 040 |
_aPGUSA _beng |
||
| 042 | _adc | ||
| 050 | 4 | _aBT | |
| 100 | 1 |
_aMoody, Dwight Lyman, _d1837-1899 |
|
| 245 | 1 | 0 |
_aSovereign Grace : _bIts Source, Its Nature and Its Effects _h[electronic resource] / _cDwight Lyman Moody |
| 260 |
_bProject Gutenberg, _c2009 |
||
| 505 | 0 | _aThe fountain of grace -- Saved by grace alone -- Possessing, and 'working out' -- Grace abounding to the chief of sinners -- Law and grace -- Grace for living -- Grace for service -- "A chime of Gospel bells" -- Gospel dialogues. What it is to be a child of God / Mr. Moody and Rev. Marcus Rainsford -- How to become a Christian / Mr. Moody and Rev. Marcus Rainsford -- What it is to be converted / Mr. Moody and Mr. Radstock. | |
| 506 | _aPublic domain in the USA. | ||
| 516 | _aElectronic text | ||
| 653 | _aSermons, American -- 19th century | ||
| 653 | _aGrace (Theology) -- Sermons | ||
| 830 | 0 |
_aProject Gutenberg _v30657 |
|
| 856 | 4 | 0 | _uhttp://www.gutenberg.org/ebooks/30657 |
| 942 | _cEB | ||
| 999 |
_c259912 _d259912 |
||